| 000 | 03041cab a2200325 ab4500 | ||
|---|---|---|---|
| 005 | 20230616111517.0 | ||
| 008 | 991125c2015 sp qr p o 000 0 spa d | ||
| 035 | _aUPN01000213070 | ||
| 040 |
_aMX-MxUPN _bspa _cMX-MxUPN _eaacr2 |
||
| 049 | _aART-E | ||
| 100 | 1 | _aMontes, Miguel Angel | |
| 100 | 1 | _umiguel.montes@ddcc.uhu.es | |
| 100 | 1 | _aContreras, Luis Carlos | |
| 100 | 1 | _aLiñán, María del Mar | |
| 100 | 1 | _aMuñoz Catalán, María Cinta | |
| 100 | 1 | _aCliment, Nuria | |
| 245 | 1 | 0 |
_aConocimiento de aritmética de futuros maestros : _bdebilidades y fortalezas _h[recurso electrónico en línea] |
| 506 | 0 | _aAcceso abierto | |
| 520 | 3 | _aLos medios de comunicación han alertado recientemente a la opinión pública acerca de una realidad que la investigación en educación matemática llevaba evidenciando las dos últimas décadas: la deficiente formación matemática de los maestros. Estas deficiencias, que habíamos venido constatando de manera informal en nuestras universidades con los estudiantes para Maestro (EPM), son el objeto de estudio de nuestra investigación. En ese contexto, este artículo describe un estudio exploratorio tipo survey sobre el conocimiento matemático necesario para la enseñanza que tienen 737 estudiantes para Maestro de tres centros de formación de maestros de universidades andaluzas, realizado en el contexto de un Proyecto de Innovación Docente de una de ellas. Usando el marco de conocimiento especializado del profesor de Matemáticas (MTSK) y, dentro de él, el subdominio relativo al conocimiento de los temas matemáticos, se elaboró un cuestionario que contenía ítems relativos a fracciones, decimales y porcentajes, contenidos que fueron elegidos tanto por su trascendencia intrínseca como por su aplicación a otros contenidos matemáticos y a otras disciplinas en el ámbito de la Educación Primaria. Esto nos ha permitido explorar el conocimiento que estos futuros profesores poseen sobre esos contenidos. Los resultados han mostrado un número importante de debilidades, algunas de las cuales ya habían sido descritas por la literatura de investigación, y también algunas fortalezas. En ambos casos, la información obtenida supone un referente para explorar la realidad de otros centros de formación de maestros; un elemento de reflexión para las autoridades académicas acerca de los procesos deselección para el acceso a la universidad y, más concretamente, a estos centros de formación; y un punto de partida para el rediseño de sus programas de formación. Revista de educación. | |
| 653 | 0 | _aFormación inicial docente | |
| 653 | 0 | _aEducación matemática | |
| 653 | 0 | _aConocimiento matemático | |
| 653 | 0 | _aAritmética | |
| 653 | 0 | _aEnseñanza de las matemáticas | |
| 773 |
_gNo. 366 (2015), p. 36-62 _tRevista de educación _x1988-592X |
||
| 856 | 4 | _uhttp://www.mecd.gob.es/dctm/revista-de-educacion/articulos367/re36702.pdf?documentId=0901e72b81b52850 | |
| 902 | _bLeonor Sotres/160623 | ||
| 905 | _aArticulo | ||
| 942 | _cART-E | ||
| 999 |
_c185170 _d185170 |
||